Prognózy a trendy ve vývoji materiálů pro elektroniku. Materiály 29 : SIVO 2287 /
Enregistré dans:
| Autres auteurs: | , , |
|---|---|
| Format: | Livre |
| Langue: | tchèque |
| Publié: |
Praha :
UVTEI,
1990
|
| Sujets: | |
| Tags: |
Pas de tags, Soyez le premier à ajouter un tag!
|
MARC
| LEADER | 00000nam a22000003a 4500 | ||
|---|---|---|---|
| 001 | stu40929 | ||
| 005 | 20150617225723.1 | ||
| 008 | 930601s1990----cs------------------cze-d | ||
| 040 | |a STU |b slo | ||
| 041 | 0 | |a cze | |
| 044 | |a cs | ||
| 080 | |a 621.38-03 | ||
| 100 | 1 | |a Hanišová, Hana |4 drm | |
| 245 | 1 | |a Prognózy a trendy ve vývoji materiálů pro elektroniku. Materiály 29 : |b SIVO 2287 / |c Vyprac. B. Potůček, H. Hanišová, V. Štulík | |
| 260 | |a Praha : |b UVTEI, |c 1990 | ||
| 300 | |a 102 s | ||
| 650 | 7 | |a elektronika |2 stusub | |
| 650 | 7 | |a materiály |2 stusub | |
| 700 | 1 | |a Potůček, Bedřich |4 drm | |
| 700 | 1 | |a Štulík, Václav |4 drm | |
| 996 | |b 284M043894 |c M*7160-1 |l MMKN |s A |a 24 |w stu40929_0001 | ||